000 00692nam a2200289Ia 4500
005 20260324134850.0
008 008 260324s9999 xx 000 0 eng d
020 _a9781315701851
037 _aEBOOK
040 _aCRL
040 _beng
040 _cCRL
041 _2eng
041 _aeng
084 _qCRL
100 _aLucien Bianco
_91198451
245 0 _aPeasants without the Party
245 0 _bGrassroots Movements in Twentieth Century China
260 _bTaylor and Francis
260 _c2001
365 _a
365 _b230
856 _uhttp://www.taylorfrancis.com/books/9781315701851
942 _cEBOOK
999 _c1798951
_d1798951